000 00443nab a2200145Ia 4500
003 ES-SlBCS
005 20210601150636.0
008 140529s1948 xxu||||| |||| 00| 0 spa d
041 _aspa
100 1 _aBalic, Carlos
_9220382
245 0 0 _aSignificado del actual movimiento asuncionista en el mundo
_c Carlos Balic
650 0 4 _aMovimiento Asuncionista
_9295569
773 0 _tVerdad y Vida
_gvol. 6, 1948, págs. 371-376
_wRev487
942 _cAR
999 _c744259
_d744259